|
|
|
|
| LEADER |
01141cam a2200265 7i4500 |
| 001 |
0000057908 |
| 005 |
20210310090000.0 |
| 020 |
|
|
|a 9781617050473 (electronic book)
|
| 090 |
0 |
0 |
|a RD598.5
|b .C67 2012
|
| 245 |
0 |
0 |
|a Complications of interventional cardiovascular procedures :
|b a case-based atlas
|c editors, Issam D. Moussa, Steven R. Bailey, Antonio Colombo.
|
| 264 |
|
|
|a New York:
|b Demos Medical Publishing,
|c 2012.
|
| 300 |
|
|
|a 1 online resource (330 pages):
|b illustrations, text file, PDF.
|
| 336 |
|
|
|a text
|2 rdacontent
|
| 337 |
|
|
|a computer
|2 rdamedia
|
| 338 |
|
|
|a online resource
|2 rdacarrier
|
| 650 |
|
0 |
|a Cardiovascular surgical procedures --
|x Adverse effects
|
| 650 |
|
0 |
|a Cardiovascular diseases --
|x Surgery
|
| 655 |
|
0 |
|a Electronic books
|
| 700 |
1 |
|
|a Moussa, Issam D.
|
| 700 |
1 |
|
|a Bailey, Steve R.
|
| 700 |
1 |
|
|a Colombo, Antonio
|
| 856 |
4 |
2 |
|u http://library.unisel.edu.my/equip-unisel/custom/ebook_catalog/ebook/Complicationsofinterventionalcardiovascularproceduresacasebasedatlas.pdf
|
| 997 |
|
|
|a Health Sciences, Faculty
|
| 998 |
|
|
|a Physiotherapy, Diploma
|
| 999 |
|
|
|a EBO0004205
|b EBOOK
|c EBOOK
|e Electronic resources
|